000 00407 a2200157 4500
999 _c320844
_d320844
001 85771
003 NUST
005 20180119202154.0
008 180119b xxu||||| |||| 00| 0 eng d
020 _a1855212226
082 _a966.25605 CHA
100 _aRobert B. Charlick
_99165
245 _aNiger : Personal Rule and Survival in the Sahel
_hEnglish
250 _a1st
260 _aUK
_bWestview
_c1991
300 _axv 189 p.
500 _aGifted By AM Masood Akhtar
942 _aCAENUST
_cBK
_k966.25605 CHA
_2ddc